000 00722nam a2200193Ia 4500
003 OSt
005 20240404144145.0
008 210210b2011 xxu||||| |||| 00| 0 eng d
040 _cAL
041 _aKannada
082 _aK894.1 NAVK
100 _aNAVADA (A V) Ed
_9142334
_dಎ ವಿ ನಾವಡ
245 _aKanakakavya samputa: mohana tarangini, nalacharitre, haribhaktisara, ramadhanya charitre
_bಕನಕಕಾವ್ಯ ಸಂಪುಟ : ಮೋಹನ ತರಂಗಿಣಿ, ನಳಚರಿತ್ರೆ, ಹರಿಭಕ್ತಿಸಾರ,ರಾಮಧಾನ್ಯ ಚರಿತೆ
260 _aUdupi
_b-
_c2011
300 _aviii,736
690 _aKannada Poetry
_9142335
906 _a066671
942 _2ddc
_cBK
999 _c149142
_d149142